| 000 | 00533nam a2200181Ia 4500 | ||
|---|---|---|---|
| 999 |
_c8450 _d8450 |
||
| 008 | 200103s ? ||||xx |||||||||||||| ||und|| | ||
| 082 |
_a623.87 _bPET |
||
| 100 | _aPetrovsky, N. | ||
| 245 | 0 | _aMarine internal combustion engines | |
| 260 |
_bMir Publishers _aMoscow _c? |
||
| 300 | _a557 p.: ill. | ||
| 500 | _aTranslated from the russian by Horace E. Isakson | ||
| 504 | _aIncludes appendix and index | ||
| 650 | _aMarine engines | ||
| 650 | _aInternal combustion engines | ||
| 650 | _aMixing fuel and air | ||
| 942 | _cBK | ||